[Event "Budapest FS03 FM-2"]
[Site "Budapest"]
[Date "2024.03.17"]
[Round "4"]
[White "Poor, Sandor"]
[Black "Ghoreishiamiri, Seyedkian"]
[Result "0-1"]
[WhiteElo "1968"]
[BlackElo "1960"]
[PlyCount "72"]
[EventDate "2024.03.14"]
[EventType "tourn"]
[EventRounds "9"]
[EventCountry "HUN"]
[SourceTitle "CB15_2024"]
[SourceDate "2024.04.10"]
[SourceVersion "1"]
[SourceVersionDate "2024.04.10"]
[SourceQuality "1"]

1. d4 d5 2. c4 e6 3. Nc3 a6 4. cxd5 exd5 5. Nf3 c6 6. Bf4 Bd6 7. Bg3 Ne7 8. e3 0-0 9. Bd3 Bf5 10. Nh4 Bxd3 11. Qxd3 Bb4 12. 0-0 Bxc3 13. Qxc3 Nd7 14. Qb4 Nb6 15. a4 a5 16. Qc3 Nc4 17. b3 Nd6 18. Bxd6 Qxd6 19. Nf3 f6 20. Ne1 Nf5 21. Nd3 Nh4 22. Qc2 Rae8 23. Qd1 g6 24. Rc1 Kg7 25. Rc5 b6 26. Rc1 Re4 27. Re1 Rfe8 28. Nf4 Nf5 29. Ne2 h5 30. Rc3 h4 31. Qc2 R8e6 32. Rc1 c5 33. dxc5 bxc5 34. Rxc5 d4 35. Nf4 Qxf4 36. Rc7+ Kh6 0-1

[Event "Budapest FS02 Nadassy"]
[Site "Budapest"]
[Date "2024.02.12"]
[Round "9.4"]
[White "Poor, Sandor"]
[Black "Kis, Bela"]
[Result "1-0"]
[WhiteElo "1953"]
[BlackElo "1892"]
[PlyCount "97"]
[EventDate "2024.02.03"]
[EventType "tourn"]
[EventRounds "12"]
[EventCountry "HUN"]
[SourceTitle "CB08_2024"]
[SourceDate "2024.02.21"]
[SourceVersion "1"]
[SourceVersionDate "2024.02.21"]
[SourceQuality "1"]
[WhiteTeam "Team Lower Elo"]
[BlackTeam "Team Higher Elo"]
[WhiteTeamCountry "HUN"]
[BlackTeamCountry "HUN"]

1. d4 Nf6 2. c4 c5 3. d5 e6 4. Nc3 exd5 5. cxd5 d6 6. e4 g6 7. Bb5+ Nbd7 8. a4 Bg7 9. Nf3 0-0 10. 0-0 Ng4 11. h3 Nge5 12. Nxe5 Nxe5 13. f4 Ng4 14. Ne2 Nh6 15. Be3 Qe7 16. Ng3 Nf5 17. Nxf5 Bxf5 18. e5 Rad8 19. Qf3 dxe5 20. fxe5 Bxe5 21. Rae1 Be4 22. Qf2 Bd6 23. Bf4 f5 24. Bc4 Kh8 25. Qd2 Bxf4 26. Qxf4 Qg7 27. b3 Bxd5 28. Rd1 Bxc4 29. Qxc4 b6 30. Qb5 Rd4 31. Rxd4 Qxd4+ 32. Kh1 Kg7 33. Re1 Rf7 34. Qe2 f4 35. Qf3 c4 36. bxc4 Qxc4 37. Re4 Qd5 38. Kh2 g5 39. Qc3+ Kg6 40. Re5 Qd6 41. Qc2+ Kh6 42. Qe4 Rf6 43. Rd5 Qc7 44. Qf3 Qc4 45. Re5 Qd4 46. h4 gxh4 47. Qh5+ Kg7 48. Re7+ Kf8 49. Qxh7 1-0

[Event "Budapest FS02 Nadassy"]
[Site "Budapest"]
[Date "2024.02.10"]
[Round "7.6"]
[White "Poor, Sandor"]
[Black "Gumanny, Evgeny"]
[Result "1/2-1/2"]
[WhiteElo "1953"]
[BlackElo "2130"]
[PlyCount "58"]
[EventDate "2024.02.03"]
[EventType "tourn"]
[EventRounds "12"]
[EventCountry "HUN"]
[SourceTitle "CB08_2024"]
[SourceDate "2024.02.21"]
[SourceVersion "1"]
[SourceVersionDate "2024.02.21"]
[SourceQuality "1"]
[WhiteTeam "Team Lower Elo"]
[BlackTeam "Team Higher Elo"]
[WhiteTeamCountry "HUN"]
[BlackTeamCountry "HUN"]

1. d4 Nf6 2. c4 c5 3. d5 e6 4. Nc3 exd5 5. cxd5 d6 6. Nf3 a6 7. a4 g6 8. Nd2 Bg7 9. e4 0-0 10. Be2 Nbd7 11. 0-0 Re8 12. h3 Rb8 13. Qc2 Qc7 14. a5 b5 15. axb6 Qxb6 16. Nc4 Qc7 17. Bf4 Bf8 18. Rfe1 Rb4 19. Bf1 Nb6 20. b3 Nxc4 21. Bxc4 Qb8 22. Bd2 Nd7 23. Na4 Rb5 24. Bc3 Ne5 25. f4 Nxc4 26. bxc4 Rb7 27. Kh2 Rbe7 28. Rab1 Rb7 29. Rxb7 Qxb7 1/2-1/2

[Event "Budapest FS02 Nadassy"]
[Site "Budapest"]
[Date "2024.02.03"]
[Round "1.6"]
[White "Gumanny, Evgeny"]
[Black "Poor, Sandor"]
[Result "0-1"]
[WhiteElo "2130"]
[BlackElo "1953"]
[PlyCount "55"]
[EventDate "2024.02.03"]
[EventType "tourn"]
[EventRounds "12"]
[EventCountry "HUN"]
[SourceTitle "CB08_2024"]
[SourceDate "2024.02.21"]
[SourceVersion "1"]
[SourceVersionDate "2024.02.21"]
[SourceQuality "1"]
[WhiteTeam "Team Higher Elo"]
[BlackTeam "Team Lower Elo"]
[WhiteTeamCountry "HUN"]
[BlackTeamCountry "HUN"]

1. d4 d5 2. c4 dxc4 3. Nf3 e6 4. Ne5 c5 5. e3 Nf6 6. Bxc4 a6 7. a4 Qc7 8. Qe2 Bd6 9. Nf3 Nc6 10. dxc5 Bxc5 11. 0-0 0-0 12. Nc3 b6 13. Rd1 Bb7 14. e4 Ng4 15. Be3 Nxe3 16. fxe3 Ne5 17. Bd3 Rad8 18. Nd4 Qe7 19. Qh5 Nc6 20. Nc2 g6 21. Qh6 Ne5 22. Nd4 Ng4 23. Qf4 h5 24. h3 e5 25. Qg3 exd4 26. hxg4 h4 27. Qf4 dxc3 28. e5 0-1

[Event "Budapest FS08 Nadassy"]
[Site "Budapest"]
[Date "2023.08.14"]
[Round "9.4"]
[White "Poor, Sandor"]
[Black "Juracsik, Jozsef"]
[Result "1/2-1/2"]
[WhiteElo "1922"]
[BlackElo "1923"]
[PlyCount "62"]
[EventDate "2023.08.05"]
[EventType "team-tourn"]
[EventRounds "10"]
[EventCountry "HUN"]
[SourceTitle "EXT 2024"]
[Source "ChessBase"]
[SourceDate "2023.10.10"]
[SourceVersion "1"]
[SourceVersionDate "2023.10.10"]
[SourceQuality "1"]
[WhiteTeam "Team Higher Elo"]
[BlackTeam "Team Lower Elo"]
[WhiteTeamCountry "HUN"]
[BlackTeamCountry "HUN"]

1. d4 d5 2. Nf3 Nf6 3. c4 c6 4. Nc3 e6 5. cxd5 exd5 6. Bg5 Be7 7. e3 Bf5 8. Bd3 Bxd3 9. Qxd3 Nbd7 10. 0-0 0-0 11. h3 Re8 12. Bf4 Bf8 13. Nd2 h6 14. a3 a5 15. Rac1 a4 16. Rfe1 Qb6 17. Qc2 Qa6 18. e4 dxe4 19. Ndxe4 Nxe4 20. Nxe4 Nb6 21. Nc5 Bxc5 22. dxc5 Nd5 23. Bd2 Re6 24. Qc4 Qxc4 25. Rxc4 f6 26. Kf1 Kf7 27. Rcc1 Rxe1+ 28. Rxe1 Re8 29. Rxe8 Kxe8 30. Ke2 Kd7 31. Kd3 Ke6 1/2-1/2

[Event "Budapest FS07 Schev"]
[Site "Budapest"]
[Date "2023.07.04"]
[Round "4.4"]
[White "Juracsik, Jozsef"]
[Black "Poor, Sandor"]
[Result "1-0"]
[WhiteElo "1884"]
[BlackElo "1935"]
[PlyCount "51"]
[EventDate "2023.07.01"]
[EventType "schev"]
[EventRounds "10"]
[EventCountry "HUN"]
[SourceTitle "EXT 2024"]
[Source "ChessBase"]
[SourceDate "2023.10.10"]
[SourceVersion "1"]
[SourceVersionDate "2023.10.10"]
[SourceQuality "1"]
[WhiteTeam "Team Lower Elo"]
[BlackTeam "Team Higher Elo"]
[WhiteTeamCountry "HUN"]
[BlackTeamCountry "HUN"]

1. e4 c5 2. Nf3 d6 3. Bb5+ Bd7 4. Bxd7+ Qxd7 5. Qe2 Nc6 6. 0-0 e6 7. Rd1 Nge7 8. c3 d5 9. exd5 Nxd5 10. d4 cxd4 11. Nxd4 Rd8 12. Bg5 Be7 13. Bxe7 Ndxe7 14. Na3 Qc8 15. Nxc6 Rxd1+ 16. Rxd1 Nxc6 17. Nc4 0-0 18. Rd6 Rd8 19. Qd3 Rxd6 20. Qxd6 b5 21. Ne3 h6 22. h3 a5 23. Qc5 Qb7 24. c4 b4 25. Qd6 Na7 26. Qd8+ 1-0

[Event "Budapest FS03 Nadassy"]
[Site "Budapest"]
[Date "2023.03.14"]
[Round "9"]
[White "Szalanczy, Emil"]
[Black "Poor, Sandor"]
[Result "1/2-1/2"]
[WhiteElo "2019"]
[BlackElo "1913"]
[PlyCount "39"]
[EventDate "2023.03.04"]
[EventType "tourn"]
[EventRounds "9"]
[EventCountry "HUN"]
[SourceTitle "CBM 213 Extra"]
[Source "ChessBase"]
[SourceDate "2023.05.31"]
[SourceVersion "1"]
[SourceVersionDate "2023.05.31"]
[SourceQuality "1"]
[WhiteTeam "Team Higher Elo"]
[BlackTeam "Team Lower Elo"]
[WhiteTeamCountry "HUN"]
[BlackTeamCountry "HUN"]

1. e4 e5 2. Nf3 Nc6 3. Bb5 Nf6 4. 0-0 Nxe4 5. Re1 Nd6 6. Nxe5 Be7 7. Bd3 Nxe5 8. Rxe5 0-0 9. Nc3 Bf6 10. f4 Ne8 11. Ra5 c6 12. Ra3 d5 13. Rb3 Nd6 14. Ne2 Re8 15. Ng3 g6 16. Bf1 d4 17. c4 c5 18. d3 b6 19. Bd2 Bh4 20. Qf3 1/2-1/2

[Event "Budapest FS03 Nadassy"]
[Site "Budapest"]
[Date "2023.03.10"]
[Round "6"]
[White "Poor, Sandor"]
[Black "Szalanczy, Emil"]
[Result "0-1"]
[WhiteElo "1913"]
[BlackElo "2019"]
[PlyCount "58"]
[EventDate "2023.03.04"]
[EventType "tourn"]
[EventRounds "9"]
[EventCountry "HUN"]
[SourceTitle "CBM 213 Extra"]
[Source "ChessBase"]
[SourceDate "2023.05.31"]
[SourceVersion "1"]
[SourceVersionDate "2023.05.31"]
[SourceQuality "1"]
[WhiteTeam "Team Lower Elo"]
[BlackTeam "Team Higher Elo"]
[WhiteTeamCountry "HUN"]
[BlackTeamCountry "HUN"]

1. d4 Nf6 2. Nf3 g6 3. c4 Bg7 4. g3 c5 5. d5 e6 6. Nc3 exd5 7. cxd5 d6 8. Bg2 0-0 9. 0-0 Re8 10. Nd2 Nbd7 11. Nc4 Ne5 12. Nxe5 Rxe5 13. Bf4 Re8 14. h3 Nh5 15. Bd2 f5 16. e3 Bd7 17. a4 b6 18. Rb1 Rc8 19. Nb5 Bxb5 20. axb5 Qd7 21. Qa4 Rb8 22. Qc4 a6 23. bxa6 b5 24. Qc2 Ra8 25. Bc3 Rxa6 26. Ra1 Rea8 27. Rxa6 Rxa6 28. Bxg7 Kxg7 29. Qc3+ Nf6 0-1

[Event "Budapest FS08 Nadassy"]
[Site "Budapest"]
[Date "2022.08.09"]
[Round "4.2"]
[White "Jaivardhan, Raja Pilla"]
[Black "Poor, Sandor"]
[Result "1/2-1/2"]
[WhiteElo "1780"]
[BlackElo "1896"]
[PlyCount "54"]
[EventDate "2022.08.06"]
[EventType "tourn"]
[EventRounds "12"]
[EventCountry "HUN"]
[SourceTitle "CBM 209 Extra"]
[Source "ChessBase"]
[SourceDate "2022.09.30"]
[SourceVersion "1"]
[SourceVersionDate "2022.09.30"]
[SourceQuality "1"]
[WhiteTeam "Team Lower Elo"]
[BlackTeam "Team Higher Elo"]
[WhiteTeamCountry "HUN"]
[BlackTeamCountry "HUN"]

1. c4 Nf6 2. Nc3 e5 3. Nf3 Nc6 4. a3 d5 5. cxd5 Nxd5 6. Qc2 Be7 7. g3 0-0 8. Bg2 Nb6 9. 0-0 Be6 10. d3 Nd4 11. Nxd4 exd4 12. Ne4 Bd5 13. b4 f5 14. Nd2 Bxg2 15. Kxg2 Qd5+ 16. Nf3 c6 17. Qa2 Rad8 18. Bf4 Qxa2 19. Rxa2 Bf6 20. Bg5 Bxg5 21. Nxg5 Rfe8 22. Nf3 Rd6 23. Ng5 Rdd8 24. Nf3 Rd5 25. Ng5 Rdd8 26. Nf3 Rd5 27. Ng5 Rdd8 1/2-1/2

[Event "Budapest FS08 Nadassy"]
[Site "Budapest"]
[Date "2022.08.06"]
[Round "1.2"]
[White "Poor, Sandor"]
[Black "Singgih, Diajeng Theresa"]
[Result "0-1"]
[WhiteElo "1896"]
[BlackElo "1972"]
[PlyCount "112"]
[EventDate "2022.08.06"]
[EventType "tourn"]
[EventRounds "12"]
[EventCountry "HUN"]
[SourceTitle "CBM 209 Extra"]
[Source "ChessBase"]
[SourceDate "2022.09.30"]
[SourceVersion "1"]
[SourceVersionDate "2022.09.30"]
[SourceQuality "1"]
[WhiteTeam "Team Higher Elo"]
[BlackTeam "Team Lower Elo"]
[WhiteTeamCountry "HUN"]
[BlackTeamCountry "HUN"]

1. d4 d5 2. Nf3 Nf6 3. c4 e6 4. Nc3 Be7 5. cxd5 Nxd5 6. e4 Nxc3 7. bxc3 c5 8. Bb5+ Bd7 9. Bxd7+ Nxd7 10. 0-0 0-0 11. Rb1 b6 12. Bf4 Rc8 13. Qe2 c4 14. Rfd1 Nf6 15. Ne5 Qe8 16. a4 Qxa4 17. Ra1 Qb3 18. Bd2 Bd6 19. Be1 Qb5 20. Rdb1 Qe8 21. Nxc4 Nxe4 22. Qxe4 Rxc4 23. Rxa7 Bxh2+ 24. Kf1 Bc7 25. Qf3 e5 26. dxe5 Qxe5 27. g3 h5 28. Rb4 Rxb4 29. cxb4 Bd6 30. Bc3 Qb5+ 31. Kg2 Bxb4 32. Bxb4 Qxb4 33. Qxh5 Qe4+ 34. Kg1 g6 35. Qd1 Ra8 36. Rd7 b5 37. Rd4 Qe5 38. Kg2 Qc5 39. Qd2 Qc6+ 40. f3 Qe6 41. Rd8+ Rxd8 42. Qxd8+ Kg7 43. Qd4+ Qf6 44. Qb4 Qe5 45. Kf2 Kh7 46. f4 Qd5 47. Ke3 Kg7 48. Qc3+ Kh7 49. g4 Qe6+ 50. Kf3 Qe7 51. g5 b4 52. Qb3 Kg8 53. Qd5 Qe6 54. Qd8+ Kh7 55. Qb8 b3 56. Qb4 Qh3+ 0-1